000 00628nam a2200205Ii 4500
003 JO-AjNU
008 230606s9999||||xx |||||||||||||| ||und||
020 _a978-0-07-066031-1
040 _aJO-AjNU
_beng
_erda
_cJO-AjNU
041 _aeng
050 1 4 _aHM17.2009
100 3 _aSUBBERWAL،RANJANA,
_eauthor
_91304
245 0 0 _aDictionary of sociology
264 3 1 _aNew Delhi : Tata McGraw-Hill, 2009
300 _amuilt pages
336 _atext
_btxt
_2rdacontent
337 _aunmediated
_bn
_2rdamedia
338 _avolume
_bnc
_2rdacarrier
650 4 _aSociology -- Dictionaries--English language -- Terms and phrases
_91305
999 _aE686
_c686
_d686